Fast Food Slogans - Statistics

General Stats
  • This quiz has been taken 2,236 times
  • The average score is 7 of 15
Answer Stats
Hint Answer % Correct
Finger lickn' good Kentucky fried chicken
93%
Eat fresh Subway
85%
Live Mas (live more) Taco Bell
76%
Eat mor chikin Chick- fil-a
69%
Where's the beef? Wendy's
61%
Pizza! Pizza! Little Caesars
50%
Where the food's as good as the rootbeer A&W
48%
Its good mood food Arbys
46%
We speak fish Long john silvers
41%
Hot eat,cool treats Dairy Queen
39%
Where the foods the star Hardees
33%
Mmmm...Toasty! Quiznos
23%
Not just big burritos. Big flavors Qdoba
13%
Fresh. Fast. Tasty. Jimmy Johns
12%
Taste how much we care Culvers
6%
No matching quizzes found
Score Distribution
Percent of People with Each Score
Percentile by Number Answered
Your Score History
You have not taken this quiz